Supply Chain Development for the Lean Enterprise : Interorganizational Cost Management /
Guardado en:
| Hovedforfatter: | |
|---|---|
| Andre forfattere: | |
| Format: | Bog |
| Sprog: | engelsk |
| Udgivet: |
Montvale, EUA : Portland, EUA :
Institute of Management Accountants ; Productivity,
1999, c1999
|
| Fag: | |
| Tags: |
Ingen Tags, Vær først til at tagge denne postø!
|
MARC
| LEADER | 00000nam^a2200000^a^4500 | ||
|---|---|---|---|
| 001 | 000118046 | ||
| 005 | 20250521000000.0 | ||
| 009 | 20260310094226.409 | ||
| 020 | |a 1-56327-218-0 | ||
| 037 | |a Acervo ITESO - Biblioteca | ||
| 041 | |a ING | ||
| 082 | |a 658. 1552 |b COO | ||
| 100 | |a Cooper, Robin |e (autor) | ||
| 245 | 1 | 0 | |a Supply Chain Development for the Lean Enterprise : |b Interorganizational Cost Management / |c R. Cooper, R. Slagmulder. |
| 264 | 4 | |a Montvale, EUA : |b Institute of Management Accountants ; |a Portland, EUA : |b Productivity, |c 1999, c1999 | |
| 300 | |a XXXII, 510 p. | ||
| 336 | |a texto |b txt |2 rdacontenido | ||
| 337 | |a sin mediación |b n |2 rdamedio | ||
| 338 | |a volumen |b nc |2 rdasoporte | ||
| 649 | |a XX | ||
| 650 | |a Eficiencia (Economía) | ||
| 650 | |a Costos | ||
| 650 | |a Proceso Administrativo - |x Dirección | ||
| 650 | |a Administración Financiera | ||
| 650 | |a Ciencias Administrativas | ||
| 700 | |a Slagmulder, Regine |e (autor) | ||
| 910 | |a Fondo General | ||
| 920 | |a Impresos - Libros | ||
| 930 | |a Colección General | ||
| 905 | |a 101 | ||
| 901 | |a 0500052881 |b IT1 |c ACC |u 20250521 | ||
| 902 | |a https://opac.biblio.iteso.mx/vufind/Record/000118046 | ||